Normal view
MARC view
Entry Topical Term
001 - CONTROL NUMBER
- control field: 8774
003 - CONTROL NUMBER IDENTIFIER
- control field: OSt
005 - DATE AND TIME OF LATEST TRANSACTION
- control field: 20190823071923.0
008 - FIXED-LENGTH DATA ELEMENTS
- fixed length control field: 190823|| aca||aabn | a|a d
040 ## - CATALOGING SOURCE
- Original cataloging agency: OSt
- Transcribing agency: OSt
150 ## - HEADING--TOPICAL TERM
- Topical term or geographic name entry element: Muslims - India
670 ## - SOURCE DATA FOUND
- Source citation: Work cat.: (OSt): Alam, Shamsher 8773, Mapping Pasmanda politics in India: demands and challenges, 2019
